|
|
|
|
| LEADER |
01202aam a22003618a 4500 |
| 001 |
000013455 |
| 003 |
9797 |
| 005 |
20120315100328.0 |
| 008 |
120315s2005 viesd |
| 020 |
|
|
|c 73000đ
|d 800b
|
| 041 |
|
|
|a vie
|
| 082 |
1 |
4 |
|2 14
|a 660.6
|b HOA
|
| 084 |
|
|
|a I61z73
|
| 084 |
|
|
|b C101Q
|
| 245 |
|
|
|a Hóa sinh công nghiệp
|c Lê Ngọc Tú (ch.b) - La Văn Chứ - Đặng Thị Thu - Nguyễn Thị Thịnh - Bùi Đức Hợi - Lê Doãn Diên
|
| 260 |
|
|
|a H.
|b Khoa học và kĩ thuật
|c 2005
|
| 300 |
|
|
|a 443tr.
|c 27cm
|
| 650 |
|
7 |
|2 Bộ TK TVQG
|a Hoá học
|
| 650 |
|
7 |
|2 Bộ TK TVQG
|
| 653 |
|
|
|a hóa sinh
|
| 653 |
|
|
|a công nghiệp
|
| 655 |
|
7 |
|2 Bộ TK TVQG
|a Giáo trình
|
| 910 |
|
|
|a Nguyễn Thị Lê Na
|
| OWN |
|
|
|a LSP
|
| AVA |
|
|
|a UDN50
|b LSP
|d 660.6 HOA
|e available
|t Error 5001 Not defined in file expand_doc_bib_avail.
|f 1
|g 0
|h N
|i 0
|k 1
|
| 999 |
|
|
|a From the UDN01
|
| AVA |
|
|
|a UDN50
|b LSP
|d 660.6 HOA
|e available
|t Error 5001 Not defined in file expand_doc_bib_avail.
|f 1
|g 0
|h N
|i 0
|k 1
|
| TYP |
|
|
|a Monograph
|
| TYP |
|
|
|a Printed language
|
| 980 |
|
|
|a Mạng thư viện Đại học Đà Nẵng
|